000 00294nam a22001217a 4500
008 180226b xxu||||| |||| 00| 0 eng d
041 _aeng
080 _a617
100 _a6
101 _aANE
245 _aAnaphylactic Reactions in Anesthesia and Intensive Care
_cLevy, J,.H
942 _2udc
_cBK
999 _c43484
_d43484